000 00645nam a2200241Ia 4500
003 OSt
005 20220926001102.0
006 a|||||r|||| 00| 0
007 ta
008 220923b |||||||| |||| 00| 0 eng d
037 _cGeneral Book
040 _aRTL
_cRTL
_beng
041 _2eng
_aeng
082 _aU.247WB.N7, L7
100 _aHassnain F M
_977054
245 0 _aLadakh
_b The moonland
250 _a2nd
260 _a New Delhi
_bLight and Life India
_c1977
300 _axv, 127p.
_ccm.
650 _aIndian Geography
942 _hU.247WB.N7, L7
_cGB
_2CC
999 _c600398
_d600398